000 00319 a2200145 4500
001 162096
020 _a
040 _cMagnum
100 _aRegina, Tia.
240 1 0 _aComo surgiu a noite - o japim
_lpor
245 1 0 _aComo surgiu a noite - o japim
362 0 _a1899
697 _aIJ/LENDAS, FOLCLORE
942 _cBK
999 _c162096
_d162096